José María Idiáquez impresor en el oratorio de la congregación de San Felipe Neri de Oaxaca (Record no. 7014)

MARC details
000 -CABECERA
campo de control de longitud fija 01282nam a2200277 a 4500
001 - NÚMERO DE CONTROL
campo de control BRCA_7338
005 - FECHA Y HORA DE LA ÚLTIMA TRANSACCIÓN
campo de control 20190320205811.0
008 - DATOS DE LONGITUD FIJA--INFORMACIÓN GENERAL
campo de control de longitud fija 131112s2011----mx-a######---#000-0#spa-u
020 ## - NÚMERO INTERNACIONAL ESTÁNDAR DEL LIBRO
Número Internacional Estándar del Libro 9786074162516
041 ## - CÓDIGO DE LENGUA
Código de lengua del texto/banda sonora o título independiente spa
044 ## - CÓDIGO DEL PAÍS DE LA ENTIDAD EDITORA/PRODUCTORA
Código MARC del país mx
050 #4 - SIGNATURA TOPOGRÁFICA DE LA BIBLIOTECA DEL CONGRESO
Número de clasificación Z210.I3
Número de documento/Ítem .P37 2011
100 1# - ENTRADA PRINCIPAL--NOMBRE DE PERSONA
Nombre de persona Pascoe, Juan
9 (RLIN) 18143
245 10 - MENCIÓN DE TÍTULO
Título José María Idiáquez impresor en el oratorio de la congregación de San Felipe Neri de Oaxaca
Resto del título 1807-1826 : bibliografía y documentos
Mención de responsabilidad, etc. Juan Pascoe ; en colaboración con Claudia Ballesteros, Lérida Moya y Penélope Orozco ; textos bibliográficos de Nicolás León y José Toribio Medina ; introducción histórica de Moisés Guzmán Pérez ; prólogo de María Isabel Grañén Porrúa.
260 ## - PUBLICACIÓN, DISTRIBUCIÓN, ETC.
Lugar de publicación, distribución, etc. México
Nombre del editor, distribuidor, etc. Fundación Alfredo Harp Helú Oaxaca
Fecha de publicación, distribución, etc. 2011
300 ## - DESCRIPCIÓN FÍSICA
Extensión 387 p.
Otras características físicas il. (algunas a color)
Dimensiones 27 cm.
504 ## - NOTA DE BIBLIOGRAFÍA, ETC.
Nota de bibliografía, etc. Bibliografía: p. 375-379
600 14 - PUNTO DE ACCESO ADICIONAL DE MATERIA--NOMBRE DE PERSONA
Nombre de persona Idiáquez, José María
Subdivisión general vida y obra
9 (RLIN) 18144
600 14 - PUNTO DE ACCESO ADICIONAL DE MATERIA--NOMBRE DE PERSONA
Nombre de persona Idiáquez, José María
Subdivisión de forma Bibliografía
9 (RLIN) 18145
650 14 - PUNTO DE ACCESO ADICIONAL DE MATERIA--TÉRMINO DE MATERIA
Término de materia o nombre geográfico como elemento de entrada Imprenta
Subdivisión general Historia
Subdivisión cronológica Siglo XIX
Subdivisión geográfica Oaxaca
9 (RLIN) 18146
700 1# - PUNTO DE ACCESO ADICIONAL--NOMBRE DE PERSONA
Nombre de persona Ballesteros, Claudia
Término indicativo de función/relación coaut.
9 (RLIN) 18147
700 1# - PUNTO DE ACCESO ADICIONAL--NOMBRE DE PERSONA
Nombre de persona Moya, Lérida
Término indicativo de función/relación coaut.
9 (RLIN) 18148
700 1# - PUNTO DE ACCESO ADICIONAL--NOMBRE DE PERSONA
Nombre de persona Orozco, Penélope
Término indicativo de función/relación coaut.
9 (RLIN) 18149
700 1# - PUNTO DE ACCESO ADICIONAL--NOMBRE DE PERSONA
Nombre de persona Grañén Porrúa, María Isabel
Término indicativo de función/relación pról.
9 (RLIN) 17057
942 ## - ELEMENTOS DE PUNTO DE ACCESO ADICIONAL (KOHA)
Fuente del sistema de clasificación o colocación Library of Congress Classification
Tipo de ítem Koha Libros
Holdings
Estado de retiro Estado de pérdida Estado dañado No para préstamo Localización permanente Ubicación/localización actual Fecha de adquisición Total de préstamos Signatura topográfica completa Código de barras Fecha visto por última vez Precio válido a partir de Tipo de ítem Koha
El ejemplar forma parte de la colección y puede ser consultado según las políticas vigentes.       Biblioteca del Museo Franz Mayer (Rogerio Casas-Alatriste) Biblioteca del Museo Franz Mayer (Rogerio Casas-Alatriste) 04/10/2012   Z210.I3 .P37 2011 00679 22/03/2019 22/03/2019 Libros